Statistiche per verbi tedesco

Clicka qui per fare il quiz!

Statistiche generali

  • Questo quiz è stato fatto 197 volte
    (191 dall'ultimo reset)
  • Il punteggio medio è 57 su 128

Statistiche sulle risposte

italianotedesco% Corretto
averehaben
94%
parlaresprechen
94%
venirekommen
91%
beretrinken
91%
lavorarearbeiten
90%
leggerelesen
90%
faremachen
89%
andaregehen
88%
nuotareschwimmen
86%
trovarefinden
84%
mangiareessen
81%
dormireschlafen
81%
vederesehen
80%
chiamarsiheißen
79%
amarelieben
79%
giocare/suonarespielen
78%
comprarekaufen
75%
esseresein
75%
volerewollen
74%
potere (saper fare)können
72%
andare/guidarefahren
70%
costarekosten
69%
cucinarekochen
68%
studiarelernen
68%
dovere (obbligo)müssen
68%
cantaresingen
68%
aiutarehelfen
67%
diresagen
66%
lavarewaschen
66%
conoscerekennen
65%
volarefliegen
64%
chiederefragen
64%
stare in piedistehen
63%
cercaresuchen
63%
rimanerebleiben
59%
ascoltarehören
59%
sedersisitzen
59%
piaceremogen
58%
alzarsiaufstehen
57%
pensaredenken
57%
daregeben
57%
rispondereantworten
55%
portarebringen
55%
saperewissen
55%
chiamareanrufen
54%
incominciarebeginnen
54%
prenderenehmen
54%
correrelaufen
53%
inviaresenden
53%
vivere inwohnen
53%
fumarerauchen
50%
capireverstehen
50%
aprireöffnen
49%
moriresterben
49%
faretun
48%
avere bisognobrauchen
47%
fare la spesaeinkaufen
47%
caderefallen
47%
informareinformieren
47%
riceverebekommen
46%
piovereregnen
45%
incontraretreffen
45%
dimenticarevergessen
45%
invitareeinladen
44%
credereglauben
44%
volere (cordiale)möchten
44%
pagarebezahlen
43%
salutaregrüßen
43%
aspettarewarten
43%
descriverebeschreiben
42%
chiudereschließen
42%
arrivareankommen
41%
diventarewerden
41%
pulireputzen
39%
viaggiarereisen
39%
fermarestoppen
38%
regalareschenken
37%
dovere (raccomandazione)sollen
36%
significarebedeuten
35%
vendereverkaufen
35%
vinceregewinnen
33%
succederepassieren
32%
mostrarezeigen
32%
spiegareerklären
31%
sposarsiheiraten
31%
urlareschreien
31%
disegnarezeichnen
31%
vietareverbieten
30%
incominciareanfangen
29%
piacere (cibo)schmecken
29%
tagliareschneiden
29%
perdereverlieren
29%
decidere/scegliereentscheiden
28%
dipingeremalen
28%
ripararereparieren
27%
provareversuchen
27%
finirebeenden
26%
mantenerehalten
26%
permettereerlauben
25%
pregarebitten
23%
scambiaretauschen
23%
riconoscereerkennen
22%
votarewählen
21%
insegnareunterrichten
20%
ordinare (chiedere)bestellen
19%
progettareplanen
19%
prestare attenzioneaufpassen
18%
risparmiaresparen
15%
piegarebiegen
13%
scendereaussteigen
12%
soffiareblasen
10%
accaderegeschehen
10%
memorizzaremerken
10%
ritornarezüruckgehen
10%
ordinare (autorità)befehlen
9%
licenziareentlassen
7%
temerefürchten
6%
nevicareschneinen
6%
infastidirestören
6%
andare viaverlassen
6%
rappresentarevertreten
6%
corrispondereentsprechen
5%
garantiresichern
4%
spendereverbringen
4%
crearegeschaffen
3%
affermaredurchsetzen
0%
ridurrekürzen
0%

Distribuzione punteggi

Percentile per numero di risposta

Percentuale di utenti per punteggio

I tuoi punteggi nel tempo

Non hai fatto questo quiz dall'ultimo reset